| 000 | 00460nam a2200181 a 4500 | ||
|---|---|---|---|
| 001 | 2038 | ||
| 005 | 20140414132036.0 | ||
| 008 | 040109s19uu xx 00 eng d | ||
| 020 | _a0-590-41101-2 | ||
| 050 |
_aTR _bT14 1986 |
||
| 100 | _aPotter, Beatrix | ||
| 245 |
_aTale of Peter Rabbit (The) / _cBeatrix Potter. |
||
| 260 |
_aU.S.A : _bScholastic, _c1986. |
||
| 300 | _a31 p. ; cm. | ||
| 500 | _aTR/PS | ||
| 650 | _aChildren stories. | ||
| 999 |
_c113725 _d113725 |
||